<?xml version="1.0" encoding="UTF-8"?>
<collection xmlns="http://www.loc.gov/MARC21/slim">
 <record>
  <leader>01088nam0a2200241   4500</leader>
  <controlfield tag="001">in00000005219</controlfield>
  <controlfield tag="005">20250519162410.9</controlfield>
  <datafield tag="010" ind1=" " ind2=" ">
   <subfield code="a">978-7-111-77488-4</subfield>
   <subfield code="d">CNY79.00</subfield>
  </datafield>
  <datafield tag="035" ind1=" " ind2=" ">
   <subfield code="a">013563655</subfield>
  </datafield>
  <datafield tag="100" ind1=" " ind2=" ">
   <subfield code="a">20250417d2025    em y0chiy50      ea</subfield>
  </datafield>
  <datafield tag="101" ind1="0" ind2=" ">
   <subfield code="a">chi</subfield>
  </datafield>
  <datafield tag="102" ind1=" " ind2=" ">
   <subfield code="a">CN</subfield>
   <subfield code="b">110000</subfield>
  </datafield>
  <datafield tag="105" ind1=" " ind2=" ">
   <subfield code="a">a   z   000yy</subfield>
  </datafield>
  <datafield tag="106" ind1=" " ind2=" ">
   <subfield code="a">r</subfield>
  </datafield>
  <datafield tag="200" ind1="1" ind2=" ">
   <subfield code="a">芯机遇</subfield>
   <subfield code="9">xin ji yu</subfield>
   <subfield code="e">强AI时代半导体产业人才发展的思考与展望</subfield>
   <subfield code="f">本书编委会编</subfield>
  </datafield>
  <datafield tag="210" ind1=" " ind2=" ">
   <subfield code="a">北京</subfield>
   <subfield code="c">机械工业出版社</subfield>
   <subfield code="d">2025</subfield>
  </datafield>
  <datafield tag="215" ind1=" " ind2=" ">
   <subfield code="a">11,178页</subfield>
   <subfield code="c">图</subfield>
   <subfield code="d">23cm</subfield>
  </datafield>
  <datafield tag="330" ind1=" " ind2=" ">
   <subfield code="a">本书主要探讨了人工智能对半导体产业的影响以及在人工智能时代如何优化半导体产业人力资源配置，如何通过教育和培训体系的创新为半导体产业的可持续发展提供坚实的人才支持，从而推动半导体产业的繁荣与进步。</subfield>
  </datafield>
  <datafield tag="606" ind1="0" ind2=" ">
   <subfield code="a">半导体工业</subfield>
   <subfield code="x">人才培养</subfield>
   <subfield code="x">研究</subfield>
   <subfield code="y">中国</subfield>
  </datafield>
  <datafield tag="690" ind1=" " ind2=" ">
   <subfield code="a">F426.63</subfield>
   <subfield code="v">5</subfield>
  </datafield>
  <datafield tag="701" ind1=" " ind2="0">
   <subfield code="a">王建华</subfield>
   <subfield code="9">wang jian hua</subfield>
   <subfield code="4">主编</subfield>
  </datafield>
  <datafield tag="701" ind1=" " ind2="0">
   <subfield code="a">赵志群</subfield>
   <subfield code="9">zhao zhi qun</subfield>
   <subfield code="4">主编</subfield>
  </datafield>
  <datafield tag="999" ind1="f" ind2="f">
   <subfield code="s">9c2bd43d-296f-447d-b1d0-6c81650fc3c8</subfield>
   <subfield code="i">7c106d70-6628-4adb-8acd-49a2279dc39b</subfield>
  </datafield>
 </record>
</collection>
